• 首页
  • 本馆介绍
  • 公告通知
  • 最新文献
  • 馆藏检索
  • 电子资源
  • 读者导购
  • 参考咨询
  • 我的图书馆
  • 登录
  • 详细信息显示
  • 放入我的书架
  • 预约/预借图书
  • 作者相关作品
  • 分类相关作品
  • 丛书相关作品
  • 出版社相关作品

书目信息

  • 表格格式
  • 工作单格式
  • 卡片格式
题名:
半导体物理与器件
    
 
作者: 尼曼 著
分册:  
出版信息: 北京   电子工业出版社  2017.3
页数: 20,747页
开本: 26cm
丛书名:
单 册:
中图分类: O47 , TN303
科图分类:
主题词: 半导体物理学--英文--教材 , 半导体器件--英文--教材
电子资源:
ISBN: 978-7-121-30965-6
000 01684nam0 2200301 450
001 0400001387
005 20171018105435.0
010    @a978-7-121-30965-6@dCNY109.00
100    @a20170427d2017 em y0chiy50 ea
101 0  @aeng@gchi
102    @aCN@b110000
105    @ay az 001yy
106    @ar
200 1  @a半导体物理与器件@9ban dao ti wu li yu qi jian@e英文版@dSemiconductor physics and devices: basic principles@f(美)Donald A. Neamen著@zeng
210    @a北京@c电子工业出版社@d2017.3
215    @a20,747页@d26cm
305    @a依据原书第四版改编
306    @a本授权双语版由麦格劳-希尔(亚洲)教育出版公司和电子工业出版社合作出版
320    @a有书目和索引(第735-747页)
330    @a本书是微电子技术领域的基础教程。全书涵盖了量子力学、固体物理、半导体材料物理及半导体器件物理等内容,分成三部分,共15章。第一部分为半导体材料属性,主要讨论固体晶格结构、量子力学、固体量子理论、平衡半导体、输运现象、半导体中的非平衡过剩载流子;第二部分为半导体器件基础,主要讨论pn结、pn结二极管、金属半导体和半导体异质结、金属氧化物半导体场效应晶体管、双极晶体管、结型场效应晶体管;第三部分为专用半导体器件,主要介绍光器件、半导体微波器件和功率器件等。书中既讲述了半导体基础知识, 也分析讨论了小尺寸器件物理问题, 具有一定的深度和广度。另外,全书各章难点之后均列有例题、自测题,每章末尾均安排有复习要点、重要术语解释及知识点。全书各章末尾列有习题和参考文献,书后附有部分习题答案。
510 1  @aSemiconductor physics and devices: basic principles@zeng
606 0  @a半导体物理学@x英文@j教材
606 0  @a半导体器件@x英文@j教材
690    @aO47@v5
690    @aTN303@v5
701  0 @c(美)@a尼曼@9ni man@c(Neamen, Donald A.)@4著
801  0 @aCN@b91MARC@c20171018
905    @b1025031-5@dO47@f5@e27
    
    半导体物理与器件:英文版=Semiconductor physics and devices: basic principles/(美)Donald A. Neamen著.-北京:电子工业出版社,2017.3
    20,747页;26cm
    
    
    ISBN 978-7-121-30965-6:CNY109.00
    本书是微电子技术领域的基础教程。全书涵盖了量子力学、固体物理、半导体材料物理及半导体器件物理等内容,分成三部分,共15章。第一部分为半导体材料属性,主要讨论固体晶格结构、量子力学、固体量子理论、平衡半导体、输运现象、半导体中的非平衡过剩载流子;第二部分为半导体器件基础,主要讨论pn结、pn结二极管、金属半导体和半导体异质结、金属氧化物半导体场效应晶体管、双极晶体管、结型场效应晶体管;第三部分为专用半导体器件,主要介绍光器件、半导体微波器件和功率器件等。书中既讲述了半导体基础知识, 也分析讨论了小尺寸器件物理问题, 具有一定的深度和广度。另外,全书各章难点之后均列有例题、自测题,每章末尾均安排有复习要点、重要术语解释及知识点。全书各章末尾列有习题和参考文献,书后附有部分习题答案。
●
相关链接 在E读中查询图书 在五车中查询图书 在当当中查询图书 在豆瓣中查询图书


正题名:半导体物理与器件     索取号:O47/27         预约/预借

序号 登录号 条形码 馆藏地/架位号 状态 备注
1 1025031   210250315   第二样本阅览室/ [索取号:O47/27] 在馆    
2 1025032   210250324   第三借阅区/ [索取号:O47/27] 在馆    
3 1025033   210250333   密集书库-物理学院/ [索取号:O47/27] 在馆    
4 1025034   210250342   第三借阅区/ [索取号:O47/27] 在馆    
5 1025035   210250351   第三借阅区/ [索取号:O47/27] 在馆    
唐山师范学院图书馆 欢迎您!
大连网信软件有限公司© 版权所有